| 000 | 01294cad a22002295a 4500 | ||
|---|---|---|---|
| 001 | L153903 | ||
| 008 | 110919s2011 xxk f 000 0 eng d | ||
| 035 | _a(Sirsi) u153903 | ||
| 041 | 0 | _aeng | |
| 110 | 2 |
_aOffice of Fair Trading _91355 |
|
| 245 | 0 | 0 |
_aOFT guidance for estate agents _bcompliance with the Consumer Protection from Unfair Trading Regulations 2008 and the Business Protection from Misleading Marketing Regulations 2008 consultation _h[electronic resource] |
| 260 |
_aLondon _bOFT _c2011 |
||
| 520 | _aConsultation on OFT's draft guidance on the application of the Consumer Protection from Unfair Trading Regulations 2008 and Business Protection from Misleading Marketing Regulations 2008 to estate agents (and others) in relation to the buying or selling of property or land in the UK. | ||
| 520 | _aConsultation closes 9 December 2011. | ||
| 590 | _aKA NTK | ||
| 650 | 2 | 4 | _aCONSUMER PROTECTION FROM UNFAIR TRADING REGULATION 2008 |
| 650 | 2 | 4 | _aBUSINESS PROTECTION FROM MISLEADING MARKETING REGULATIONS 2008 |
| 651 | 4 |
_aUnited Kingdom _y |
|
| 690 | _aPROPERTY-RESIDENTIAL PROPERTY-ACQUISITION AND DISPOSAL OF RESIDENTIAL PROPERTY | ||
| 856 | 4 | 0 |
_uhttps://www.oft.gov.uk/shared_oft/consultations/oft1364con.pdf _zView the item free of charge at www.oft.gov.uk |
| 942 | _n0 | ||
| 999 |
_c112757 _d112757 |
||